| 000 | 00947cam a22002413a 4500 | ||
|---|---|---|---|
| 001 | 31940 | ||
| 003 | PGUSA | ||
| 005 | 20140828083706.0 | ||
| 008 | 100410s2010||||xxu|||||s|||||000 | eng d | ||
| 040 |
_aPGUSA _beng |
||
| 042 | _adc | ||
| 050 | 4 | _aN | |
| 100 | 1 |
_aCary, Elisabeth Luther, _d1867-1936 |
|
| 245 | 1 | 0 |
_aArtists Past and Present; Random Studies _h[electronic resource] / _cElisabeth Luther Cary |
| 260 |
_bProject Gutenberg, _c2010 |
||
| 505 | 0 | _aAntoine Louis Barye -- The art of Mary Cassatt -- Max Klinger -- Alfred Stevens -- A sketch in outline of Jacques Callot -- Carlo Crivelli -- Rembrandt at the Cassel gallery -- Fantin-Latour -- Carl Larsson -- Jan Steen -- One side of modern German painting -- Two Spanish painters. | |
| 506 | _aPublic domain in the USA. | ||
| 516 | _aElectronic text | ||
| 653 | _aArtists | ||
| 830 | 0 |
_aProject Gutenberg _v31940 |
|
| 856 | 4 | 0 | _uhttp://www.gutenberg.org/ebooks/31940 |
| 942 | _cEB | ||
| 999 |
_c261195 _d261195 |
||